000 00865cam a22002891 4500
001 9817437
003 ARRUPE
005 20150416143250.0
008 750421s1958 xx 000 0 eng
010 _a 58009913
035 _a(OCoLC)1289771
040 _aDLC
_cCtFaU
_dDLC
042 _apremarc
050 0 0 _aBT101
_b.M945
082 _a230
100 1 _aMurphy, William B.
_917236
245 1 0 _aGod and His creation,
_cby William B. Murphy [and others]
260 _aDubuque [Iowa]
_bPriory Press,
_c1958.
300 _a516 p.
_c24 cm.
490 0 _aCollege texts in theology
500 _aAt head of title: Theology, a basic synthesis for the college.
504 _aIncludes bibliography.
650 0 _aGod (Christianity)
_917237
650 0 _aCreation.
_917238
906 _a7
_bcbc
_coclcrpl
_du
_encip
_f19
_gy-gencatlg
942 _2lcc
_cMONOGRAPH
999 _c122685
_d122685